[Event "Politiken Cup 18th"]
[Site "Copenhagen"]
[Date "1996.??.??"]
[Round "7"]
[White "Djurhuus, Rune"]
[Black "Jelling, Erik"]
[Result "1-0"]
[WhiteElo "2505"]
[BlackElo "2415"]
[Annotator "Ftacnik,L"]
[PlyCount "53"]
[EventDate "1996.06.??"]
[EventType "swiss"]
[EventRounds "11"]
[EventCountry "DEN"]
[SourceTitle "CBM 054"]
[Source "ChessBase"]
[SourceDate "1996.10.01"]
[SourceVersion "1"]
[SourceVersionDate "1996.10.01"]
[SourceQuality "1"]

1. e4 {Baburin} c6 2. d4 d5 3. exd5 cxd5 4. c4 Nf6 5. Nc3 e6 6. Nf3 Be7 7. cxd5
Nxd5 8. Bd3 Nc6 9. O-O O-O 10. Re1 Qd6 11. a3 Rd8 12. Ne4 (12. Qc2 h6 13. Nxd5
(13. Bh7+ Kh8 14. Be4 Nf6 15. Nb5 Qb8 16. g3 Bd6 17. Nxd6 Qxd6 18. Bf4 Qe7 19.
Bxc6 bxc6 20. Ne5 Bb7 21. Qc5 Qe8 22. Nc4 Rd5 23. Nd6 Qd7 24. Qb4 Ba6 25. Be5 {
Delchev,A-Kallai,G/Budapest FS08 GM (03)/1995/1/2-1/2 (65)}) (13. Be3 Nxe3 $5 (
13... Bd7 14. Nxd5 exd5 15. Ne5 $1 {/\ f4} Rac8 $2 16. Bh7+ Kf8 17. Nxd7+ Qxd7
18. Bf5 Nxd4 19. Qxc8 $18)) 13... Qxd5 (13... exd5 $5 {/\ Be6}) 14. Be3 (14.
Be4 Nxd4 15. Nxd4 Qxd4 16. Be3 Qf6 17. Rad1 Bd6 18. Bc5 e5 19. Bxd6 Rxd6 20.
Qc7 Rd4 21. Rxd4 exd4 22. Bd3 Bf5 23. Qxb7 Rd8 24. Qf3 Bxd3 {1/2-1/2 Sorensen,
J-Jelling,E/Copenhagen Sommerskak (06)/1993}) 14... Bd7 (14... Qd6 15. Rad1 Bf6
16. Bh7+ Kh8 17. Be4 Ne7 18. Ne5 Kg8 19. Bf4 Qa6 20. Bd3 b5 21. Qe2 Bb7 22.
Bxb5 Qd6 23. Qh5 {Berg,K-Oei,H/Groningen op (01)/1994/1-0 (55)}) 15. Bh7+ Kh8
16. Be4 Qh5 17. Ne5 (17. Rad1 Rac8 18. Qe2 Be8 19. b4 a6 20. h3 Kg8 21. Bb1 Bf8
22. Be4 b5 23. Qf1 f5 (23... f6 $5) 24. Bb1 Bd6 25. Ba2 Bf7 26. Bc1 Qg6 {
Mortensen,E-Larsen,B (04)/Aaland m/1989/1-0 (53)}) 17... Nxe5 18. dxe5 Rac8 19.
Qe2 Qxe2 20. Rxe2 Bc6 21. Bxa7 Bxe4 22. Rxe4 Rd2 23. b4 Ra8 24. Be3 Rxa3 25.
Rc1 {Spassky,B-Kortschnoj,V (09)/Kiev cf/1968/1/2-1/2 (53)}) (12. Ne5 Nxe5 13.
dxe5 Qd7 (13... Qb6 14. Nxd5 Rxd5 15. Qe2 Bd7 16. Be3 Bc5 17. Bxc5 Rxc5 18.
Rad1 Bc6 19. b4 Rd5 20. Be4 Rxd1 {1/2-1/2 Hendriks,W-Oei,H/NLD-sf (06)/1994/})
14. Qc2 Nxc3 15. Bxh7+ Kh8 16. bxc3 g6 17. Bxg6 fxg6 18. Qxg6 Qd3 19. Qh5+ Qh7
20. Bh6 Bd7 21. Re3 Bf8 22. Rh3 Bxh6 23. Qxh6 Qxh6 24. Rxh6+ Kg7 25. Rf6 Rac8 {
0-1 Huenerkopf,H-Ostenstad,B/Gausdal Int/1988/ (34)}) (12. Bc2 Nf6 13. Be3 e5
14. Nb5 Qd7 15. dxe5 Nxe5 16. Nxa7 $2 (16. Qxd7 Nxf3+ 17. gxf3 Bxd7 18. Nxa7 $6
Nd5 19. Bd4 Bf6 20. Rad1 Bxd4 21. Rxd4 Nf6 $19) 16... Qc7 17. Qe2 Nxf3+ 18.
gxf3 Bd7 19. Rac1 Qa5 20. Bd3 Qh5 21. Rc4 Bd6 22. h4 Re8 23. Qd2 Bb8 $19 {
0-1 Brunner,L-Bouaziz,S/WchT Luzern/1989/ (25)}) (12. Bb1 Nf6 13. Be3 b6 14.
Qc2 Bb7 15. h3 Rac8 16. Ba2 Nd5 17. Nxd5 exd5 18. Qd2 Re8 19. Bf4 Qd8 20. Re3
Na5 21. Rae1 f6 22. Qe2 Kf7 23. Nh4 g6 24. Qg4 Nc4 25. Qe6+ Kg7 26. Nf5+ gxf5
27. Rg3+ {1-0 Hector,J-Jelling,E/Copenhagen op (04)/1995/}) 12... Qc7 13. g3 (
13. Bb1 Nf4 14. h4 h6 15. Ng3 Bf6 16. Bxf4 Qxf4 17. Nh5 Qd6 18. Qd3 Nxd4 19.
Nxf6+ gxf6 20. Qh7+ Kf8 21. Qxh6+ Ke7 22. Be4 Nxf3+ 23. Bxf3 Bd7 24. Rad1 Qb6
25. b4 Rac8 {1/2-1/2 Ghinda,M-Taylor,G/Novi Sad olm (13)/1990/ (43)}) (13. Bg5
Bxg5 14. Nexg5 h6 15. Ne4 Nf4 16. g3 Nxd3 17. Qxd3 e5 18. d5 f5 19. Nc3 e4 20.
Qc4 Qf7 21. Qc5 Qe7 22. Qxe7 Nxe7 23. Rad1 Ng6 24. Nd4 {Grabics,M-Nemeth,M/
HUN-chW (02)/1992/1-0 (50)}) 13... Bd7 (13... b6 14. Bb1 Ba6 $5) 14. Bb1 Be8
15. Qd3 g6 (15... Rac8 16. Nc3 g6 17. Ba2) 16. Ba2 Qb6 (16... Rac8 17. Bg5 $1
$14) 17. b4 {Not so much an attack itself, white hopes to control the c5
square.} a5 18. b5 Na7 19. a4 Nb4 (19... Rac8 20. Bxd5 exd5 21. Nc3 Rxc3 22.
Qxc3 Bb4 23. Qe3 Bxe1 24. Qxe1 $14) 20. Qd2 Nxa2 21. Rxa2 Rd5 $2 {White have
just lost an important attacking piece, but black is too lenient on him. The
attacker can be quite unpleasant, if he manages to generate attack from the h6
square.} (21... Bb4 $2 22. Nf6+ Kg7 (22... Kf8 23. Qh6+ Ke7 24. Bg5 $18) 23.
Qh6+ Kxf6 24. Bg5+ Kf5 25. Qh3#) (21... f5 $5 22. Nc3 Rac8) 22. Ba3 $1 {
Baburin: By exchanging the dark squared bishops White weakens the complex of
the dark squares around the Black's monarch and starts a dangerous attack on
the right flank. In the meantime the black pieces such as the knight on a7 &
the bishop on e8 are very passive and do not help in defence.} Qd8 (22... Bxa3
23. Nf6+ Kg7 24. Nxd5 Qd6 25. Re3 $18) 23. Qh6 $1 Bxa3 (23... Bd7 24. Bxe7 Qxe7
25. Nfg5 f5 (25... f6 26. Nxh7) 26. Nxh7 $1 fxe4 27. Qxg6+ Qg7 28. Nf6+ Kf8 29.
Qxg7+ Kxg7 30. Nxd5 exd5 31. Rc2 $16) (23... f6 $2 24. Nxf6+ $1 Bxf6 25. Qf8#)
(23... Rh5 24. Nf6+ Bxf6 25. Qf8#) 24. Neg5 $1 Bb4 $6 (24... Qd6 25. Qxh7+ $1 {
Baburin} (25. Rae2 $1 Rc8 (25... Rf5 26. Qxh7+ Kf8 27. Rxe6 fxe6 28. Rxe6 $18)
(25... Rxg5 26. Nxg5 Rc8 (26... Qxd4 27. Qxh7+ Kf8 28. Rxe6 Qg7 (28... Rd8 29.
Rxe8+ Rxe8 30. Qxf7#) 29. Rxe8+ Rxe8 30. Rxe8+ Kxe8 31. Qxg7 $18) 27. Rxe6 fxe6
28. Qxh7+ Kf8 29. Nxe6+ Qxe6 30. Rxe6 $18) 26. Rxe6 fxe6 27. Qxh7+ Kf8 28. Rxe6
Rxg5 29. Qh8+ Kf7 30. Nxg5#) 25... Kf8 26. Rxa3 Rxg5 27. Nxg5 Qxa3 28. Rxe6 $18
) 25. Qxh7+ Kf8 26. Rxe6 $1 fxe6 (26... Rxg5 27. Qh8#) 27. Nxe6# 1-0

[Event "WchT 2nd"]
[Site "Luzern"]
[Date "1989.??.??"]
[Round "9.2"]
[White "Brunner, Lucas"]
[Black "Bouaziz, Slim"]
[Result "0-1"]
[WhiteElo "2505"]
[BlackElo "2345"]
[Annotator "Ftacnik,L"]
[PlyCount "50"]
[EventDate "1989.10.27"]
[EventType "team-tourn"]
[EventRounds "9"]
[EventCountry "SUI"]
[SourceTitle "CBM 016"]
[Source "ChessBase"]
[SourceDate "1990.06.01"]
[SourceVersion "1"]
[SourceVersionDate "1990.06.01"]
[SourceQuality "1"]
[WhiteTeam "Switzerland"]
[BlackTeam "Africa"]
[WhiteTeamCountry "SUI"]

1. e4 c6 2. d4 d5 3. exd5 cxd5 4. c4 Nf6 5. Nc3 e6 6. Nf3 Be7 7. cxd5 Nxd5 8.
Bd3 Nc6 9. O-O O-O 10. Re1 Qd6 11. a3 Rd8 12. Bc2 (12. Qc2 h6 13. Nxd5 Qxd5 14.
Be3) 12... Nf6 13. Be3 e5 14. Nb5 (14. dxe5 Nxe5 15. Nxe5 Qxe5 16. Qf3 $10)
14... Qd7 15. dxe5 Nxe5 16. Nxa7 $2 (16. Qxd7 Nxf3+ 17. gxf3 Bxd7 18. Nxa7 $6 (
18. Nc3 $10) 18... Nd5 19. Bd4 Bf6 20. Rad1 Bxd4 21. Rxd4 Nf6 $19) 16... Qc7
17. Qe2 Nxf3+ 18. gxf3 Bd7 19. Rac1 (19. Bd3 Nd5 $40) 19... Qa5 20. Bd3 Qh5 21.
Rc4 (21. Nb5 Bxb5 22. Bxb5 Bd6 $40) 21... Bd6 22. h4 Re8 23. Qd2 Bb8 $19 24.
Rc5 Qxf3 25. Be2 Qh3 {Ftacnik} 0-1

[Event "EU-ch 13th"]
[Site "Plovdiv"]
[Date "2012.03.29"]
[Round "9"]
[White "Kobalia, Mihail"]
[Black "Jobava, Baadur"]
[Result "1-0"]
[WhiteElo "2666"]
[BlackElo "2706"]
[Annotator "Ftacnik,L"]
[PlyCount "79"]
[EventDate "2012.03.20"]
[EventType "swiss"]
[EventRounds "11"]
[EventCountry "BUL"]
[SourceTitle "CBM 148"]
[Source "ChessBase"]
[SourceDate "2012.05.16"]
[SourceVersion "1"]
[SourceVersionDate "2012.05.16"]
[SourceQuality "1"]

1. e4 c6 2. d4 d5 3. exd5 cxd5 4. c4 Nf6 5. Nc3 e6 6. Nf3 Be7 7. cxd5 Nxd5 8.
Bd3 O-O 9. O-O Nc6 10. Re1 Nf6 11. a3 b6 12. Bg5 Bb7 13. Bc2 {White was
especially careful not to retreat with the bishop before Black had already
played Bb7. Otherwise he might come up with the Ba6 idea.} Re8 14. Qd3 g6 15.
Rad1 Nd5 16. Bh6 Rc8 {This whole line is reaching the status of some sort of
opening ritual; it has been tested many times. Despite that, new players are
trying to discover the truth about the position in fresh games.} (16... Nxc3
17. bxc3 (17. Qxc3 Bf6 18. Be4 Rc8 19. Qe3 Na5 20. Ne5 Bxe4 21. Qxe4 Nc4 {
1/2 (21) Polgar,J (2656)-Galkin,A (2587) Hoogeveen 2000}) 17... Qd5 (17... Bxa3
18. Ng5 Be7 19. Nxf7 Kxf7 20. Rxe6 Bf6 21. Rxe8 Kxe8 22. Qc4 Qd6 23. Ba4 Kd8
$11 {1/2 (37) Potkin,V (2540)-Galkin,A (2602) Sochi 2004}) 18. c4 Qh5 19. Bf4 (
19. Bc1 Bf6 20. Qe3 Kg7 21. Be4 Rab8 22. Bb2 Na5 $11 {1/2 (29) Yemelin,V (2516)
-Galkin,A (2600) Tomsk 2006}) 19... Na5 20. Re5 Qg4 21. Bg3 Bxf3 22. gxf3 Qh3 {
1/2 (22) Potkin,V (2593)-Galkin,A (2590) Sochi 2007}) 17. Ba4 a6 (17... Nxc3
18. bxc3 Bxa3 19. Ng5 (19. c4 Bf8 $13 20. Qe3 Qe7 21. d5 exd5 22. cxd5 Qxe3 23.
Bxe3 Ne5 24. Bxe8 Nxf3+ 25. gxf3 Rxe8 26. d6 $16 {1-0 (65) Maiwald,J (2490)
-Zhuravliov,V (2455) Germany 1994}) 19... Be7 20. Qg3 Qd5 21. Rb1 Qa5 22. Bb3
Nd8 $11 {1-0 (55) Kornev,A (2567)-Virovlansky,S (2445) Voronezh 2007}) (17...
Bf8) 18. Nxd5 Qxd5 $6 {For better or worse I am entitled to have my own
opinion about the problems Black will be facing. In my understanding Black has
to accept a safe equality after the "symmetrical" recapture 18...exd5!?} (18...
exd5 $5 19. Bxc6 Rxc6 20. Qd2 Bc8 21. Qf4 Rf6 22. Qe5 Be6 23. Qe2 Bg4 24. Rd3
$11 {1/2 (24) Kovacevic,A (2559)-Golubovic,B (2424) Neum 2004}) 19. Qe3 Bf6 (
19... Rcd8 20. Bb3 Qh5 21. d5 exd5 22. Qxb6 Qxh6 23. Qxb7 Na5 24. Qb6 Nxb3 25.
Rxe7 Rxe7 26. Qxd8+ Qf8 27. Qxd5 $16 {0-1 (43) Utemov,V (2400)-Lastin,A (2495)
Moscow 1996}) 20. Bb3 Qd8 (20... Qd7 21. d5 $1 exd5 22. Qxb6 Rxe1+ 23. Rxe1
Bxb2 24. Bxd5 Bg7 25. Bxg7 Kxg7 {1/2 (42) Beliavsky,A (2585)-Karpov,A (2705)
Moscow 1986} 26. Qb2+ $14) (20... Qh5 $2 21. d5 Nd8 22. d6 Rc5 23. d7 Re7 24.
Qf4 $16 {1-0 (29) Smyslov,V (2620)-Karpov,A (2540) Leningrad 1971}) 21. Ne5 (
21. Qf4 Na5 22. d5 e5 23. Qe3 Nxb3 24. Qxb3 e4 25. d6 Re6 26. d7 Rc5 $11 {
1-0 (48) Malinin,Y (2324)-Eliseev,A (2361) St Petersburg 1999}) 21... Qe7 $2 {
The defender is still paying for his illogical queen recapture on the 18th
move.} (21... Bxe5 22. dxe5 Qc7 23. Rc1 Qb8 (23... Ba8 24. Qf4 Qe7 25. Rcd1 $16
) 24. Qxb6 $16 {1-0 (28) Adams,M (2742)-Doettling,F (2540) France 2002}) (21...
Na5 22. Nxf7 Qe7 23. Ne5 Nxb3 24. Qxb3 Bg5 25. Bxg5 Qxg5 26. f3 Bd5 27. Qd3 $16
) 22. Ng4 $1 Na5 (22... Nd8 23. d5 Bh8 24. Bg5 Qc5 25. Qf4 $18) (22... Bg7 23.
Bxg7 Kxg7 24. d5 Na5 25. Qh6+ Kh8 26. d6 Qd8 27. d7 $18) 23. Ba2 $6 {The
situation was ripe for the decision, but White needed to play with a lot of
flair. The attack with the help of a sacrifice on e6 is very instructive for
similar positions.} (23. Qf4 $1 Bh8 (23... Bg7 24. Bxg7 Kxg7 25. Rxe6 fxe6 26.
Qe5+ $18) 24. Bxe6 $3 fxe6 25. Bg5 Rf8 26. Nh6+ Kg7 27. Qe5+ Rf6 28. Ng4 Kf7
29. d5 $1 Bxd5 30. Rxd5 Nc6 31. Qd6 $18) 23... Nc4 24. Qf4 Bg7 (24... Bh8 25.
Bxc4 Rxc4 26. Bg5 Qd7 27. Bf6 $18) 25. Bxg7 Kxg7 26. d5 g5 {Given the chance
the very strong player Jobava will not go down without kicking and screaming
loudly. The advance of the kingside pawns is not strictly desirable, but it
certainly challenges his opponent.} (26... h5 27. dxe6 hxg4 28. Bxc4 $16) 27.
Qg3 h5 28. Bxc4 {Once we know about the obvious improvement 28.Qc3+! the blow
on the dark squares seems like the most natural solution.} (28. Qc3+ $1 e5 29.
Bxc4 hxg4 30. d6 Qd7 31. Rxe5 $18) 28... Rxc4 (28... hxg4 29. d6 Qd7 30. Qxg4
$18) 29. Ne5 $6 {Kobalia is getting confused, as usually the advanced post for
the active piece should be more desirable. Unfortunately for him the modest
retreat 29.Ne3! proves to have been the right solution.} (29. d6 Rxg4 30. Qxg4
hxg4 31. dxe7 Bd5 $14) (29. Ne3 $1 Re4 30. f3 h4 31. Qf2 Re5 32. d6 $16) 29...
exd5 30. Nf3 Rd4 (30... Re4 31. Rxe4 Qxe4 32. Qxg5+ Qg6 33. Qd2 $14) 31. Rc1 (
31. Ra1 Re4 32. Rxe4 dxe4 33. Nxg5 h4 34. Qxh4 Kg6 35. f4 exf3 36. Nxf3 Qxh4
37. Nxh4+ Kg5 38. g3 Re2 $11) 31... Rc4 (31... Re4 32. Rxe4 Qxe4 (32... dxe4
33. Nxg5 h4 34. Qxh4 Kg6 35. Rc3 $14) 33. Qxg5+ Qg6 34. Qd2 $14) 32. h4 Rxc1 $6
{[%mdl 256] Difficult defence has worn down many good players. Jobava is
performing a strange dance with the exchange of the active rook.} (32... Qf6
33. Nxg5 (33. hxg5 Qxb2 $11) 33... Bc6 34. Red1 $14) 33. Rxc1 Rc8 $2 (33... Qf6
34. Rc7 Re7 35. Nxg5 Rxc7 36. Qxc7 $16) 34. Re1 Qf6 35. hxg5 Qf5 (35... Qxb2
36. g6 $18) 36. Re7 {White could have only have dreamed about finding such a
mighty spot for any of his rooks just a few moves ago.} (36. Nh4 Qd7 37. Qe5+
Kh7 38. Qf6 Rc6 39. g6+ Kg8 40. gxf7+ Qxf7 41. Qg5+ Kf8 42. Qd8+ Kg7 43. Re7
$18) 36... Rc1+ 37. Kh2 Bc8 38. g6 Qg4 (38... Qxg6 39. Rxf7+ Kxf7 40. Ne5+ $18)
39. Rxf7+ Kh6 40. Qe5 {The final picture is more painful than a Greek tragedy
as the active black pieces are actually helpless.} 1-0

[Event "Interpolis-01"]
[Site "Tilburg"]
[Date "1977.09.23"]
[Round "1"]
[White "Balashov, Yuri S"]
[Black "Huebner, Robert"]
[Result "1/2-1/2"]
[WhiteElo "2565"]
[BlackElo "2600"]
[Annotator "Ftacnik,L"]
[PlyCount "47"]
[EventDate "1977.09.23"]
[EventType "tourn"]
[EventRounds "11"]
[EventCountry "NED"]
[EventCategory "14"]
[SourceTitle "MCL"]
[Source "ChessBase"]
[SourceDate "1999.07.01"]
[SourceVersion "1"]
[SourceVersionDate "1999.07.01"]
[SourceQuality "1"]

1. e4 c6 2. c4 d5 3. cxd5 cxd5 4. exd5 Nf6 5. Nc3 Nxd5 6. Nf3 Nc6 7. d4 e6 (
7... Bg4 8. Qb3 Bxf3 9. gxf3 e6 (9... Nb6 10. d5 (10. Be3 e6 11. Rg1 (11. O-O-O
Be7 12. Rg1 O-O 13. Kb1 Bf6 14. Ne4 Kh8 $13 15. Nxf6 Qxf6 16. Bg5 Qf5+ 17. Bd3
Qxf3 18. Rg3 Qd5 19. Qa3 f5 20. Bc2 {Losev,D-Maliutin,E/Moscow-C/1989/0-1 (28)}
) 11... Bb4 12. O-O-O Bxc3 13. bxc3 g6 14. d5 Nxd5 15. c4 Rc8 16. Qb2 O-O 17.
Bh6 Qf6 18. cxd5 Nb4+ 19. Kb1 Qxb2+ 20. Kxb2 $18 {Jansa,V-Kraut,R/BRD/1988/1-0
(32)}) 10... Nd4 11. Qd1 e5 12. dxe6 fxe6 13. Be3 Bc5 14. b4 Qf6 15. bxc5 Nxf3+
16. Ke2 O-O 17. cxb6 Rad8 18. Qc1 Qf5 $40 {Hermlin,A-Pishkin/corr/1976/0-1 (28)
}) 10. Qxb7 Nxd4 11. Bb5+ Nxb5 12. Qc6+ Ke7 13. Qxb5 Nxc3 (13... Qd7 14. Nxd5+
Qxd5 15. Qxd5 exd5 16. O-O Ke6 17. Re1+ Kf5 18. Rd1 Rd8 19. Be3 Rd7 20. Rac1
$14 {Howell,J-Schlosser,M/Groningen EU-ChJ (6)/1986/0.5 (82)}) 14. bxc3 f6 15.
Ba3+ Kf7 16. Rd1 Qc8 17. Rd7+ Kg8 18. Bxf8 Qxc3+ 19. Ke2 Rxf8 20. Rhd1 $44 {
Christiansen,L-Shamkovich,L/USA-ch (02)/1981/0.5 (41)}) (7... g6 8. Qb3 e6 9.
Bg5 Qa5 10. Bc4 Nxc3 11. Bd2 Qb4 12. bxc3 Qxb3 13. axb3 Bd7 14. O-O Bg7 15. d5
exd5 16. Rfe1+ Be6 17. Bxd5 Nd8 18. Ng5 O-O 19. Nxe6 Nxe6 20. Ra2 {
Gerhold-Ploner,F/OST-BL 89/90/1990/0.5 (21)}) (7... Bf5 8. Bb5 e6 9. Ne5 Rc8
10. Qh5 Qf6 11. Bg5 Bg6 12. Qh4 Qf5 13. Bd3 {Kuzmin,A-Lazic,Ma/Budapest
Spring-op/1989/1-0 (13)}) (7... a6 8. Bc4 Be6 9. Bb3 Nxc3 10. bxc3 Bxb3 11.
axb3 e6 12. O-O Be7 13. Qe2 O-O 14. Rd1 Bf6 15. Be3 Ne7 16. c4 Nf5 17. Rd3 Qb6
$10 {Winants,L-Speelman,J/Antwerpen (08)/1993/0.5 (38)}) 8. Bd3 Be7 9. O-O O-O
10. Re1 Nf6 11. a3 b6 12. Bc2 (12. Bg5 Bb7 13. Bc2 $5) 12... Ba6 $1 {xd3} 13.
Bg5 Rc8 14. Rc1 Nd5 15. Ne4 (15. Nxd5 $2 Bxg5 16. Nxg5 Qxg5 $17) 15... Bxg5 16.
Nfxg5 (16. Nexg5 h6 17. Ne4) 16... h6 17. Nf3 (17. Qh5 $2 Nxd4) 17... Qe7 18.
Nc3 (18. Ba4 Bb7 19. b4 Rfd8 {xd4}) 18... Nxc3 (18... Rfd8 19. Nxd5 Rxd5 20.
Be4 Rd6 21. Qa4 Bb7 22. d5 $1) 19. bxc3 Rfd8 20. a4 Bc4 21. Re3 Bd5 22. Qd3 g6
23. Rce1 Qf6 24. Qd2 $13 1/2-1/2

[Event "YUG-ch"]
[Site "Kladovo"]
[Date "1990.??.??"]
[Round "?"]
[White "Dizdar, Goran"]
[Black "Laketic, Gojko"]
[Result "1-0"]
[WhiteElo "2470"]
[BlackElo "2425"]
[Annotator "Ftacnik,L"]
[PlyCount "63"]
[EventDate "1990.02.??"]
[EventType "tourn"]
[EventRounds "15"]
[EventCountry "YUG"]
[EventCategory "9"]
[SourceTitle "CBM 017"]
[Source "ChessBase"]
[SourceDate "1990.08.01"]
[SourceVersion "1"]
[SourceVersionDate "1990.08.01"]
[SourceQuality "1"]

1. d4 e6 2. Nf3 c5 3. e3 Nf6 4. c4 cxd4 5. exd4 d5 6. Nc3 Be7 7. cxd5 Nxd5 8.
Bd3 O-O 9. O-O Nc6 10. Re1 Nf6 11. a3 b6 12. Bc2 Ba6 13. b4 (13. Bg5 Rc8 14.
Qd2 Bc4 15. Rad1 Nd5 16. Ne4 Bxg5 $6 17. Nexg5 Nf6 18. Nxh7 $1 Nxh7 19. Bxh7+
Kxh7 20. Qc2+ $18 {Gobet,F-Campora,D/Bern/1988/ -> CBM 08}) 13... Bc4 (13...
Rc8 14. Bb2 Nd5 $2 15. b5 $1 Nxc3 16. Qd3 $1 g6 17. Bxc3 Qc7 18. bxa6 Na5 19.
Bxa5 {Anand,V-Adams,M/London/1987/}) 14. b5 Na5 15. Ne5 Rc8 16. Re3 (16. Bg5 g6
17. Qf3 Bd5 $13 {Franco,Z-Short,N/Arnhem-Amsterdam/1983/}) 16... Bd6 {N} (16...
g6 17. Rh3 Bd5 {Buturin-Savon/Lvov/1981/} 18. Bh6 Re8 19. Qd2 {/\ Qf4+/- Savon}
) 17. Rh3 Bxe5 $2 18. dxe5 Qxd1+ 19. Nxd1 Bxb5 (19... Nd5 20. Bxh7+ Kh8 $16)
20. Nc3 Rxc3 $8 21. Rxc3 Nd5 22. Rh3 h6 23. Bd2 Nc4 24. Bd3 a6 25. a4 Nxd2 26.
axb5 axb5 27. Bxb5 Ne4 28. Rha3 Nec3 29. Bc6 b5 30. Ra8 b4 31. Rxf8+ Kxf8 32.
Ra8+ {Ftacnik,L} 1-0

[Event "EU-Cup 19th"]
[Site "Rethymno"]
[Date "2003.10.03"]
[Round "6.2"]
[White "Ostenstad, Berge"]
[Black "Scekic, Milos"]
[Result "1-0"]
[WhiteElo "2469"]
[BlackElo "2434"]
[Annotator "Gofshtein,L"]
[PlyCount "71"]
[EventDate "2003.09.28"]
[EventType "team-swiss"]
[EventRounds "7"]
[EventCountry "GRE"]
[SourceTitle "CBM 098"]
[Source "ChessBase"]
[SourceDate "2004.02.03"]
[SourceVersion "1"]
[SourceVersionDate "2004.02.03"]
[SourceQuality "1"]
[WhiteTeam "Asker"]
[BlackTeam "Glasinac"]
[WhiteTeamCountry "NOR"]
[BlackTeamCountry "BIH"]

1. c4 c6 2. e4 d5 3. cxd5 cxd5 4. exd5 Nf6 5. Nc3 {Another 2 moves that were
met in this position and deserve attention are: 5.Bb5 and 5.Qa4} (5. Bb5+) (5.
Qa4+) 5... Nxd5 6. Nf3 e6 7. d4 Be7 8. Bd3 Nc6 9. O-O O-O 10. Re1 Nf6 11. a3 {
White restricts black's knightand prepare Bc2 and Qd3 - a common plan in this
type of positions. That's how white forces weakening of the black king} b6 12.
Bg5 Bb7 13. Bc2 Nd5 {13...Rc8 deserves attention. As the practice shows black
has a fine counterplay in this case} (13... Rc8 14. Qd3 g6 15. Bh6 Re8 16. Rad1
Qc7 $5 (16... Nd5 17. h4 $5 (17. Ne4 $2 Ncb4 $1 $17) 17... Nxc3 18. bxc3 Na5 (
18... Bxa3 $2 19. h5 Ne7 20. Ng5 Nf5 21. hxg6 hxg6 22. Qh3 Be7 23. Nxe6 fxe6
24. Qg4 $1 Kh7 25. Rxe6 $18) (18... Bxh4 $2 19. d5 $1 Na5 20. Ba4 $16) 19. Ba4
Bc6 20. Bxc6 Nxc6 (20... Rxc6 $6 21. Ne5 Rc8 22. h5 Bf8 23. hxg6 hxg6 24. Qh3
$40 Nc4 $140 $2 25. Bxf8 Rxf8 26. Nxc4 Rxc4 27. Rxe6 $1 $16) 21. c4 $36 {
1-0 Magomedov,M-Yegiazarian,A/Erevan olm 1996 (59) xf6/ (24)}) (16... Bf8 17.
Bg5 Be7 18. Ba4 (18. Bh6 Bf8 $10) 18... a6 19. Bxf6 Bxf6 20. d5 $36 {1-0
Tarjan,J-Browne,W/USA-ch 1977 (49)}) 17. Nb5 Qd8 18. Qe2 Bf8 19. Bg5 Be7 20.
Bb3 Nd5 21. Bc1 a6 22. Bxd5 exd5 (22... axb5 23. Be4 $14) 23. Nc3 Na5 (23...
Qd7 $11) 24. Ne5 f6 25. Ng4 Qd6 26. Qf3 $14 {1-0 Martin Gonzalez,A-Busom Isach,
C/Terrassa op 1994 (29)}) 14. Qd3 g6 15. Bh6 Re8 16. Ba4 $5 {[%cal Ra4e8]
Typical move. The bishop is transfered to a4-e8 diagonal, making an unpleasent
rentgen for black} Nxc3 $5 {Black simplifies the position, giving up the
tension in the centre. Black's main task now is to cope with the advance of
the white pawns in the centre.} (16... Rc8 17. Rad1 a6 18. Nxd5 Qxd5 19. Qe3
Bf6 20. Bb3 Qd8 21. Ne5 $36 {1-0 Adams,M-Doettling,F/France 2002/CBM 88 ext 
(28)}) (16... a6 $5 17. Nxd5 Qxd5 18. Qe3 Bf6 19. Rad1 Re7 20. Bb3 Qb5 $132 {
1/2-1/2 Kobalija,M-Galkin,A/Kolontaevo 1997/EXT 99 (48)}) 17. bxc3 Qd6 $5 $146
{[%mdl 8] A good novelty. Black makes difficult for white to advance c3-c4.} (
17... Bf6 18. Rad1 Qd5 19. c4 Qh5 20. Qe3 $36 {0-1 Dolmatov,S-Burmakin,V/
Novgorod 1999/CBM 69 ext (49)}) (17... Rc8 18. c4 Bf6 19. Rad1 Qd6 20. Ne5 (20.
Qe3 $5) 20... Nxe5 21. dxe5 Qxd3 22. Rxd3 Red8 23. Rxd8+ Bxd8 24. Rd1 $36 {
1/2-1/2 Ibragimov,I-Anastasian,A/Podolsk 1990/TD (41)}) 18. h4 {White tries to
weaken black's king.} (18. Qe3 Red8) (18. c4 Red8) 18... Rec8 {Freeing the
knight} 19. h5 Bf6 20. hxg6 hxg6 21. Ng5 {[%cal Re1e6,Yg5e4,Yg5e6] An attempt
to solve the game in his favour with the aid of tactics. 22.Re6 is threatened.}
Ne7 $5 {[%cal Re7g6,Re7f5] The knight is transfered to the defence of the
kingside.} 22. Bb3 (22. Ne4 Bxe4 23. Rxe4 Qd5) 22... Nf5 $2 {[%mdl 8192] A big
mistake. Black probably missed white's next tactical blow. After the normal 22.
..Bd5 white only has a minimal advantage.} (22... Bd5 $5 23. Ne4 Bxe4 24. Rxe4
$14) 23. Rxe6 $1 fxe6 24. Bxe6+ Qxe6 (24... Kh8 25. Nf7+ $18) 25. Nxe6 $18 Rc6
26. g4 $1 {White acts very energatically} Rxe6 27. gxf5 Be4 28. Qc4 Bxf5 29.
Re1 Rae8 30. Bf4 Kh7 31. Be5 $5 {White wishes to exchange his bishop and his
rook, in order to realize his material advantage in the endgame.} (31. Rxe6
Rxe6 32. Be5) 31... g5 32. Re3 Bd8 (32... Kg6 33. Bxf6 (33. Qd5) 33... Rxe3 34.
fxe3 Kxf6 35. Kf2 $18) 33. Qd5 {Threatening 34.Qd7} Kg6 34. Rf3 g4 35. Rxf5
Kxf5 36. Bc7+ 1-0